000 00608nam a22002172 4500
001 0000004469
005 20151217145810.0
008 070523s xx 000 0 eng d
020 _a0387966757 :
040 _aKABU
_cKABU
050 0 _aQA174.5
_b.A76
100 1 _aArmstrong, M. A.
_@0000155052
245 1 0 _aGroups and symmetry.
260 _aNew York :
_bSpringer-Verlag,
_c1988.
300 _axi, 186 p.
650 0 _aGroup theory.
_@0000154304
908 _a070523
950 _@1
999 _c2710
_d2710